Modelovanie a riadenie jednoduchého mobilného mechatronického systému
Na minha lista:
| Autor principal: | |
|---|---|
| Outros Autores: | |
| Formato: | Manuscrito Livro |
| Idioma: | eslovaco |
| Publicado em: |
Bratislava :
STU v Bratislave FEI,
2021
|
| Assuntos: | |
| Acesso em linha: | https://opac.crzp.sk/?fn=detailBiblioForm&sid=38F43C5054BC4F7F2EBCC2F31F28&seo=CRZP-detail-kniha |
| Tags: |
Sem tags, seja o primeiro a adicionar uma tag!
|
MARC
| LEADER | 00000ntm a22000003a 4500 | ||
|---|---|---|---|
| 001 | stuzp82584 | ||
| 003 | SK-STU | ||
| 005 | 20210715114431.9 | ||
| 007 | ta | ||
| 008 | 150427s2015----xo-----f-mn---000-0-slo-d | ||
| 040 | |a STU |b slo | ||
| 041 | 0 | |a slo | |
| 044 | |a xo | ||
| 100 | 1 | |a Pavlac, Tomáš |u 030400 |4 aut |U FEI Fakulta elektrotechniky a informatiky |U FEI Fakulta elektrotechniky a informatiky |T FEI Ústav automobilovej mechatroniky |X 97996 |U E400 |Y 642 |7 97996 | |
| 242 | 0 | 1 | |a Modelling and Control of a Simple Mobile Mechatronic System |y eng |
| 245 | 1 | 0 | |a Modelovanie a riadenie jednoduchého mobilného mechatronického systému |
| 260 | |a Bratislava : | ||
| 260 | |b STU v Bratislave FEI, | ||
| 260 | |c 2021 | ||
| 300 | |a 69 s., príl. | ||
| 650 | 4 | |a Lokalizácia |2 slo | |
| 650 | 4 | |a Plánovanie trasy |2 slo | |
| 650 | 4 | |a Riadenie |2 slo | |
| 650 | 4 | |a Spracovanie obrazu |2 slo | |
| 650 | 4 | |a Mobilný rover |2 slo | |
| 650 | 4 | |a Navigácia |2 slo | |
| 650 | 4 | |a Regulácia |2 slo | |
| 650 | 4 | |a metóda PRM |2 slo | |
| 650 | 4 | |a Path planning |2 eng | |
| 650 | 4 | |a Control system |2 eng | |
| 650 | 4 | |a Localisation |2 eng | |
| 650 | 4 | |a Image processing |2 eng | |
| 650 | 4 | |a Mobile rover |2 eng | |
| 650 | 4 | |a Navigation |2 eng | |
| 650 | 4 | |a Control |2 eng | |
| 650 | 4 | |a PRM method |2 eng | |
| 700 | 1 | |a Rosinová, Danica |u 030400 |k Z1 |4 ths |U FEI Fakulta elektrotechniky a informatiky |U FEI Fakulta elektrotechniky a informatiky |T FEI Ústav automobilovej mechatroniky |X 4938 |U E400 |Y 642 |7 A000004938 | |
| 856 | 4 | |u https://opac.crzp.sk/?fn=detailBiblioForm&sid=38F43C5054BC4F7F2EBCC2F31F28&seo=CRZP-detail-kniha | |